| 000 | 00844nam a2200217 i 4500 | ||
|---|---|---|---|
| 001 | 15975 | ||
| 003 | ES-MaACL | ||
| 005 | 20230906151220.0 | ||
| 007 | t| | ||
| 008 | 000530s1999 sp ||||0| spa | ||
| 020 | _a84-7846-811-0 | ||
| 080 | _a821.134.2 Delibes, Miguel 7 Parábola del náufrago.06 | ||
| 100 | 1 |
_aZabía Lasala, Cuca. _9117809 |
|
| 245 | 1 | 4 |
_aLas voces y los ecos en Miguel Delibes : _bseis notas de lectura literaria de "Parábola del náufrago" / _cCuca Zabía Lasala. |
| 260 |
_a[Salamanca] : _bJunta de Castilla y León, Consejería de Educación y Cultura, _c1999. |
||
| 300 |
_a85 p. ; _c22 cm. |
||
| 600 | 1 | 4 |
_aDelibes, Miguel, _d1920-2010. _tParábola del náufrago _943508 |
| 710 | 1 |
_aCastilla y León. _bConsejería de Educación y Cultura. _92500 |
|
| 852 | 4 |
_aES-MaACL _jL-23151 |
|
| 999 |
_c15975 _d15975 |
||